Statistics for No Shame - 5 Seconds of Summer (All Lyrics)

Click here to take the quiz!

General Stats

  • This quiz has been taken 516 times
  • The average score is 250 of 280

Answer Stats

Verse 1No Shame% Correct
Chorus | Post-ChorusI
100%
a
99%
the
99%
you
99%
You
99%
no
98%
my
97%
your
97%
Bridge | Pre-ChorusGo
96%
got
96%
Got
96%
Love
96%
love
96%
shame
96%
name
95%
way
95%
on
94%
screaming
94%
me
93%
you're
93%
Angel
92%
in
92%
it
91%
When
91%
when
91%
and
90%
light
90%
up
90%
are
89%
hand
89%
Never
89%
cameras
88%
flashin'
88%
like
88%
with
88%
cigarette
87%
down
87%
of
87%
be
86%
enough
86%
only
86%
regret
86%
satisfaction
86%
somethin'
86%
Even
85%
give
85%
givin'
85%
if
85%
now
85%
direction
84%
affection
83%
to
83%
get
82%
gun
82%
might
82%
any
81%
ask
81%
questions
81%
reaction
81%
Swallow
81%
attention
80%
Won’t
79%
you'll
79%
chance?
78%
face
78%
palm
78%
Changin'
77%
Don’t
77%
Center
76%
fashion
76%
Diggin'
75%
grave
75%
callin'
74%
always
72%
Pointin'
72%
is
70%
forgiven
69%
I'll
69%
permission
68%
fatal
65%
mouth
63%
sweeter
63%
words
63%
out
62%
than
61%
Verse 2Lay
60%
replace
60%
cravin'
59%
spit
59%
left
50%

Score Distribution

Percentile by Number Answered

Percent of People with Each Score

Your Score History

You have not taken this quiz